Gestión estratégica y creación de valor en el sector público

שמור ב:
מידע ביבליוגרפי
מחבר ראשי: Moore, Mark H. (autor)
פורמט: ספר
שפה:ספרדית
יצא לאור: Barcelona Paidós 1998
סדרה:Colección Paidós Estado y Sociedad
נושאים:
תגים: הוספת תג
אין תגיות, היה/י הראשונ/ה לתייג את הרשומה!

MARC

LEADER 00000nam a2200000 a 4500
001 UCP6092
003 CL-VaPUC
005 20240726101934.0
008 991008e19980000SP |||||||||||||||||spa|d
999 |c 283716  |d 283714 
040 |c Pontificia Universidad Católica de Valparaíso 
082 0 4 |a 350  |b MOO  |2 21 
100 |a Moore, Mark H.  |e autor  |9 434923 
245 1 0 |a Gestión estratégica y creación de valor en el sector público 
260 |a Barcelona  |b Paidós  |c 1998 
300 |a 438 p 
490 0 |a Colección Paidós Estado y Sociedad 
583 |a last modification  |c 19991008 00:00:00  |k Rodrigo Vera 
650 0 |a Administración pública  |9 890352  |x Valor agregado 
650 0 |a Administración pública  |9 890353  |x Reingeniería 
650 0 |a Administración pública  |9 890354  |x Planificación estratégica 
942 |c BK  |2 ddc 
945 |d 19991008 00:00:00  |a rbrito 
952 |0 0  |1 0  |4 0  |6 350_000000000000000_MOO_1998  |7 0  |8 R  |9 327126  |a BIBENE  |b BIBENE  |d 2019-11-20  |i 3567540  |o 350 MOO 1998  |p 3567540  |r 2025-01-15  |w 2019-11-20  |y BK_R  |k ICO